000 nam a22 7a 4500
999 _c27800
_d27799
003 OSt
005 20170518104727.0
008 170512b xxu||||| |||| 00| 0 eng d
020 _a0393313395
040 _aMMU
_beng
_cMMU
_dMMU
050 _aHD 75.6 .S734 1996
100 _aBrown Lester R.
245 _aStata of the World 1996:
_bA worldwatch Institute Report on Progress Toward a Sustainable Society/
_cLester R. Brown.
260 _aNew York:
_bW W Norton & Company,
_c1996.
300 _a249p.;
500 _aIncludes index
650 _aState of the world 1996
942 _2lcc
_cLOAN LOAN